000 01033nmm a2200301 a 4500
001 ocm0002016131
003 TR-IsHL
005 20201028175219.0
008 181017s2017 tu tur
007 cr cn
020 _a978­6059521­­54­­3
035 _a2016131
_b(N$T)
050 0 4 _aPL248.A965
_bM8 2017
090 0 4 _aPL248.A965
_bM8 2017
100 1 _aGiritli Ali Aziz Efendi
245 1 0 _aMuhayyelat
_h[electronic resource] /
_cGiritli Ali Aziz Efendi ; Genel Yayın Yönetmeni Ahmet Nuri Yüksel; Sadeleştiren Osman­ Sevim
250 _a1. Basım
260 _aİstanbul :
_bBilge Kültür Sanat Yayınları,
_c2017
300 _a293 p.
650 4 _aDil ve Edebiyat
650 4 _aLanguage and Literature
650 0 _aHikayeler, Türk
650 0 _aStories, Turkish
650 7 _aLITERARY COLLECTIONS / Middle Eastern
_2bisacsh
700 1 _aYüksel, Ahmet Nuri
700 1 _aSevim, Osman
856 4 0 _uhttp://search.ebscohost.com/login.aspx?direct=true&scope=site&db=e011xww&AN=2016131
999 _c18563
_d18563